[Event "FIDE Women Grand Prix 2011"]
[Site "Doha QAT"]
[Date "2011.03.04"]
[Round "10.2"]
[White "Koneru, Humpy"]
[Black "Mkrtchian, Lilit"]
[Result "1-0"]
[WhiteElo "2607"]
[BlackElo "2475"]
[PlyCount "87"]
[EventDate "2011.02.22"]
[EventType "tourn"]
[EventRounds "11"]
[EventCountry "QAT"]
[EventCategory "10"]
[Source "lmi"]
[SourceDate "2011.02.22"]

1. d4 Nf6 2. Nf3 e6 3. g3 b5 4. Bg2 Bb7 5. O-O d5 6. a4 b4 7. c4 bxc3 8. Nxc3
a5 9. Qb3 Ba6 10. Bf4 c6 11. Rfd1 Be7 12. Ne5 O-O 13. e4 Ra7 14. exd5 Rb7 15.
Qc2 cxd5 16. Bf1 Bxf1 17. Kxf1 Ne8 18. Rac1 Qb6 19. Nd3 Qxd4 20. Nb5 Qb6 21.
Be3 Qd8 22. Nc5 Rb6 23. Qd2 Nd6 24. Qxa5 Nf5 25. Bf4 Nc6 26. Qd2 Nd6 27. Nxd6
Bxd6 28. Be3 Ne5 29. b4 Qa8 30. Bf4 Nf3 31. Qd3 d4 32. Bxd6 Nxh2+ 33. Ke2 Rxd6
34. Rh1 e5 35. Rxh2 e4 36. Qc4 Qd8 37. Nxe4 d3+ 38. Kf1 Rd4 39. Qc6 Qe7 40. Rh4
f5 41. Nc3 Rxh4 42. gxh4 Qxh4 43. Rd1 Rd8 44. Rxd3 1-0

[Event "FIDE Women Grand Prix 2011"]
[Site "Doha QAT"]
[Date "2011.03.04"]
[Round "10.3"]
[White "Fierro Baquero, Martha L"]
[Black "Xu, Yuhua"]
[Result "0-1"]
[WhiteElo "2363"]
[BlackElo "2484"]
[PlyCount "80"]
[EventDate "2011.02.22"]
[EventType "tourn"]
[EventRounds "11"]
[EventCountry "QAT"]
[EventCategory "10"]
[Source "lmi"]
[SourceDate "2011.02.22"]

1. c4 e6 2. g3 Nf6 3. Bg2 d5 4. Nf3 dxc4 5. Qa4+ c6 6. Qxc4 b5 7. Qc2 Bb7 8. d4
Nbd7 9. Ne5 Qb6 10. Be3 Bb4+ 11. Nd2 c5 12. Nxd7 Nxd7 13. dxc5 Bxc5 14. Bxc5
Nxc5 15. Bxb7 Qxb7 16. O-O Rc8 17. Rac1 O-O 18. b3 Rfd8 19. Qb2 h6 20. Rc2 Rd5
21. Nf3 Rcd8 22. Rd2 Rxd2 23. Nxd2 Qd5 24. Nf3 b4 25. Rc1 Nd3 26. exd3 Qxf3 27.
d4 Qe4 28. Rc4 e5 29. Qd2 exd4 30. Rxb4 Qd5 31. Rc4 d3 32. Rc1 Re8 33. Re1
Rxe1+ 34. Qxe1 d2 35. Qd1 Qd3 36. Kg2 a5 37. h4 a4 38. bxa4 Qe4+ 39. Kf1 Qc4+
40. Kg2 Qc1 0-1

[Event "FIDE Women Grand Prix 2011"]
[Site "Doha QAT"]
[Date "2011.03.04"]
[Round "10.4"]
[White "Cramling, Pia"]
[Black "Danielian, Elina"]
[Result "1-0"]
[WhiteElo "2516"]
[BlackElo "2454"]
[PlyCount "117"]
[EventDate "2011.02.22"]
[EventType "tourn"]
[EventRounds "11"]
[EventCountry "QAT"]
[EventCategory "10"]
[Source "lmi"]
[SourceDate "2011.02.22"]

1. d4 d5 2. Nf3 Nf6 3. c4 c6 4. Nc3 e6 5. Bg5 Nbd7 6. e3 Qa5 7. cxd5 Nxd5 8.
Qd2 Bb4 9. Rc1 h6 10. Bh4 b6 11. a3 Bxc3 12. bxc3 c5 13. c4 Qxd2+ 14. Nxd2 N5f6
15. Be2 Bb7 16. f3 Rc8 17. O-O O-O 18. a4 Rfd8 19. Rfd1 Ba6 20. Bf1 cxd4 21.
exd4 e5 22. Nb3 exd4 23. Rxd4 Re8 24. a5 Re3 25. Rb1 bxa5 26. Nxa5 Ra3 27. Be1
Nb6 28. Bd3 g6 29. Bb4 Ra2 30. Bf1 Rc2 31. Bd3 Ra2 32. h4 h5 33. Bf1 Rc2 34.
Bd3 Ra2 35. Rd1 Ra4 36. Be1 Re8 37. Bc3 Ra3 38. Bb4 Ra4 39. Bd2 Rc8 40. Bc2 Ra3
41. Bb4 Re3 42. c5 Kg7 43. Bb3 Na8 44. Rd8 Nc7 45. c6 Rxd8 46. Rxd8 Re8 47. Rd2
Re1+ 48. Kh2 Re3 49. Kg1 Bc8 50. Kf2 Re8 51. Bc3 Re7 52. Rd8 Be6 53. Bxe6 fxe6
54. Be5 Nce8 55. Nc4 a5 56. Rd7 Kf8 57. Bxf6 Nxf6 58. c7 Re8 59. Rd8 1-0

[Event "FIDE Women Grand Prix 2011"]
[Site "Doha QAT"]
[Date "2011.03.05"]
[Round "11.4"]
[White "Xu, Yuhua"]
[Black "Cramling, Pia"]
[Result "1-0"]
[PlyCount "105"]
[EventDate "2011.02.22"]
[EventType "tourn"]
[EventRounds "11"]
[EventCountry "QAT"]
[EventCategory "10"]
[Source "lmi"]
[SourceDate "2011.02.22"]
[WhiteElo "2484"]
[BlackElo "2516"]

1. e4 c5 2. Nf3 e6 3. d4 cxd4 4. Nxd4 a6 5. Bd3 Bc5 6. Nb3 Ba7 7. Qg4 Nf6 8.
Qg3 d6 9. Nc3 Nc6 10. Bg5 h6 11. Bd2 Nh5 12. Qf3 Nf6 13. h3 e5 14. g4 Be6 15.
Nd5 Rc8 16. O-O-O Nd7 17. Kb1 Qh4 18. Be3 Bxe3 19. Nxe3 Qf6 20. Nf5 Bxb3 21.
cxb3 g6 22. Bxa6 gxf5 23. Bxb7 Rc7 24. Bxc6 Rxc6 25. exf5 Nb8 26. h4 Rg8 27.
Rd5 Kd7 28. Rhd1 Na6 29. Qe4 Re8 30. b4 Nc7 31. b5 Rb6 32. Rxd6+ Qxd6 33. Rxd6+
Rxd6 34. Qb7 Rc8 35. b6 Rd1+ 36. Kc2 Rd5 37. Qa7 Rb5 38. Kb1 Kd6 39. bxc7 Rxc7
40. Qa6+ Kc5 41. Qxh6 Rd7 42. Qf8+ Kd5 43. h5 Ke4 44. a4 Rbd5 45. h6 Rd8 46.
Qxf7 Rd1+ 47. Ka2 R1d4 48. Ka3 Rd1 49. Qb7+ Kf4 50. h7 e4 51. Qc7+ Kf3 52. Qg3+
Ke2 53. Qe3+ 1-0